00972nam a2200265 a 450000100100000000500170001000800410002702000150006804000250008308200180010810000270012624000410015324500840019426000410027830000210031949000260034050000480036660000400041473400260045470000330048083400510051304900090056495201160057399900170068900002273320200930021750.0101117s1983 ag r 000 p spa d a9501800237 aDO-SdBNPbspacBNPHU a928.73bD553L1 aLilliedahl, Ann94671411aEmely Dickinson in Europelespañol10aEmely Dickinson en Europa /cAnn Lilliedahl; traducción Zoraida J. Valcarcel. aBuenos Aires :bTres Tiempos,c1983. a157 p. ;c19 cm. aEnsayos Literario;v1 aIncluye notas y referencia bibliográficas10aDICKINSON, EMILY,d1830-1886910686 aEnsayos Literario;v11 aValcarcel, Zoraida J.912587 aTítulo original :tEmely Dickinson in Europe aBNGR 001050718MOaGRbGRcCTd2010-11-17iLF1l0o928.73 D553Lp22733-10r2020-06-25w2020-06-25y1ZNo se presta c22230d22230